[Event "Foment Martinenc op-C 21st"]
[Site "Barcelona"]
[Date "2019.06.22"]
[Round "9"]
[White "Cortes Benet, Gerard Abinel"]
[Black "Llopart Domingo, Jordi"]
[Result "0-1"]
[WhiteElo "1701"]
[BlackElo "1565"]
[PlyCount "74"]
[EventDate "2019.04.27"]
[EventType "swiss"]
[EventRounds "9"]
[EventCountry "ESP"]
[SourceTitle "EXT 2020"]
[Source "ChessBase"]
[SourceDate "2019.10.17"]
[SourceVersion "1"]
[SourceVersionDate "2019.10.17"]
[SourceQuality "1"]

1. e4 c6 2. d4 d5 3. Nc3 dxe4 4. Nxe4 Bf5 5. Nc3 Nf6 6. Nf3 e6 7. Bd3 Bxd3 8. Qxd3 c5 9. Bf4 Nc6 10. Rd1 cxd4 11. Nxd4 Nxd4 12. Qxd4 Qxd4 13. Rxd4 Be7 14. 0-0 0-0 15. Rfd1 Rad8 16. Bd6 Bxd6 17. Rxd6 Rxd6 18. Rxd6 Rc8 19. Nb5 Ne8 20. Rd2 a6 21. Nc3 Nf6 22. h3 Kf8 23. a4 Ke7 24. f4 g6 25. Kf2 Rd8 26. Rxd8 Kxd8 27. b4 Nd5 28. Nxd5 exd5 29. Ke3 Kd7 30. g4 Ke6 31. h4 h5 32. g5 Kf5 33. Kf3 b6 34. a5 bxa5 35. bxa5 d4 36. Kg3 Ke4 37. c4 dxc3 0-1

[Event "Foment Martinenc op-C 21st"]
[Site "Barcelona"]
[Date "2019.06.15"]
[Round "8"]
[White "Llopart Domingo, Jordi"]
[Black "Poyan Cobelli, Alex"]
[Result "0-1"]
[WhiteElo "1565"]
[BlackElo "1663"]
[PlyCount "74"]
[EventDate "2019.04.27"]
[EventType "swiss"]
[EventRounds "9"]
[EventCountry "ESP"]
[SourceTitle "EXT 2020"]
[Source "ChessBase"]
[SourceDate "2019.10.17"]
[SourceVersion "1"]
[SourceVersionDate "2019.10.17"]
[SourceQuality "1"]

1. e4 e6 2. d4 d5 3. e5 c5 4. c3 Qb6 5. Bd3 Nc6 6. Nf3 Nh6 7. 0-0 cxd4 8. cxd4 Nf5 9. Bxf5 exf5 10. Nc3 Be6 11. Ng5 Nxd4 12. Be3 Bc5 13. Rb1 Nc6 14. Nxe6 fxe6 15. Bxc5 Qxc5 16. Re1 0-0 17. Rc1 Qb6 18. Rb1 Rac8 19. Na4 Qc7 20. Nc5 Rfe8 21. f4 Qb6 22. Rc1 Nb4 23. a3 Na2 24. Rc2 Rxc5 25. Rxc5 Qxc5+ 26. Kh1 Qc4 27. g4 b5 28. gxf5 exf5 29. e6 b4 30. b3 Qc5 31. axb4 Nxb4 32. Re5 g6 33. Qd2 a5 34. Qg2 Qc6 35. Rxf5 Qc1+ 36. Qg1 Qxg1+ 37. Kxg1 gxf5 0-1

[Event "Foment Martinenc op-C 21st"]
[Site "Barcelona"]
[Date "2019.06.01"]
[Round "6"]
[White "Llopart Domingo, Jordi"]
[Black "Catala Ulied, Carles"]
[Result "0-1"]
[WhiteElo "1565"]
[BlackElo "1684"]
[PlyCount "84"]
[EventDate "2019.04.27"]
[EventType "swiss"]
[EventRounds "9"]
[EventCountry "ESP"]
[SourceTitle "EXT 2020"]
[Source "ChessBase"]
[SourceDate "2019.10.17"]
[SourceVersion "1"]
[SourceVersionDate "2019.10.17"]
[SourceQuality "1"]

1. e4 c5 2. Nf3 d6 3. Bb5+ Bd7 4. Bxd7+ Qxd7 5. c4 g6 6. Nc3 Bg7 7. 0-0 Nf6 8. Re1 Nc6 9. e5 dxe5 10. Nxe5 Nxe5 11. Rxe5 Ng4 12. Rd5 Qc8 13. Ne4 b6 14. Qe2 0-0 15. h3 Ne5 16. d4 cxd4 17. b3 d3 18. Qd2 Nf3+ 19. gxf3 Bxa1 20. Kg2 e6 21. Rxd3 Rd8 22. Ba3 Rxd3 23. Qxd3 Bg7 24. Be7 Kh8 25. Bf6 Bxf6 26. Nxf6 e5 27. Qd6 Qe6 28. Qxe6 fxe6 29. Kf1 Rf8 30. Nd7 Rxf3 31. Nxe5 Rxh3 32. Kg2 Rc3 33. Nc6 a5 34. Nd4 e5 35. Nb5 Rc2 36. a3 Rb2 37. b4 axb4 38. axb4 Rxb4 39. Nd6 Kg7 40. Kf3 Kf6 41. Ke4 Ke6 42. f3 Kxd6 0-1

[Event "Foment Martinenc op-C 21st"]
[Site "Barcelona"]
[Date "2019.04.27"]
[Round "1"]
[White "Llopart Domingo, Jordi"]
[Black "Sanchez Rodriguez, Raul"]
[Result "0-1"]
[WhiteElo "1565"]
[BlackElo "1719"]
[PlyCount "62"]
[EventDate "2019.04.27"]
[EventType "swiss"]
[EventRounds "9"]
[EventCountry "ESP"]
[SourceTitle "EXT 2020"]
[Source "ChessBase"]
[SourceDate "2019.10.17"]
[SourceVersion "1"]
[SourceVersionDate "2019.10.17"]
[SourceQuality "1"]

1. Nf3 Nc6 2. g3 e5 3. d3 d5 4. d4 e4 5. Ng5 h6 6. Nh3 Nf6 7. Nc3 Bd6 8. Bf4 Ne7 9. Nb5 Bxf4 10. Nxf4 c6 11. Nc3 Nf5 12. e3 b5 13. b4 a5 14. a3 0-0 15. Bg2 Nd6 16. 0-0 Nc4 17. Nb1 axb4 18. c3 bxc3 19. Nxc3 Rxa3 20. Rxa3 Nxa3 21. Qb3 Nc4 22. Rd1 Bg4 23. Ra1 Bf3 24. Bxf3 exf3 25. Nd3 Ne4 26. Ne5 Nxe5 27. dxe5 Qc8 28. Qd1 Nxc3 29. Qf1 Ne4 30. Rc1 Nd2 31. Qd1 Qh3 0-1

[Event "Foment Martinenc op-C 20th"]
[Site "Barcelona"]
[Date "2018.06.16"]
[Round "9"]
[White "Llopart Domingo, Jordi"]
[Black "Punsola Mena, Pol"]
[Result "0-1"]
[WhiteElo "1672"]
[BlackElo "1764"]
[PlyCount "64"]
[EventDate "2018.04.21"]
[EventType "swiss"]
[EventRounds "9"]
[EventCountry "ESP"]
[SourceTitle "CBM 184 Extra"]
[Source "ChessBase"]
[SourceDate "2018.06.28"]
[SourceVersion "1"]
[SourceVersionDate "2018.06.28"]
[SourceQuality "1"]

1. e4 d5 2. exd5 Qxd5 3. Nc3 Qd6 4. Nf3 Nf6 5. Be2 Nc6 6. 0-0 Bg4 7. d3 h6 8. Nh4 Bxe2 9. Qxe2 e6 10. Ne4 Nxe4 11. Qxe4 Qd4 12. Nf3 Qxe4 13. dxe4 0-0-0 14. Bf4 Bd6 15. Be3 Ne5 16. Nxe5 Bxe5 17. c3 Rd3 18. Rad1 Rhd8 19. Bd4 Bxd4 20. Rxd3 Bxf2+ 21. Rxf2 Rxd3 22. Rxf7 Rd7 23. Rf8+ Rd8 24. Rxd8+ Kxd8 25. e5 Kd7 26. Kf2 Kc6 27. c4 Kc5 28. Ke3 Kxc4 29. h4 Kd5 30. Kf4 c5 31. g4 g6 32. g5 h5 0-1

[Event "Foment Martinenc op-C 20th"]
[Site "Barcelona"]
[Date "2018.05.12"]
[Round "4"]
[White "Llopart Domingo, Jordi"]
[Black "Poyan Cobelli, Alex"]
[Result "1-0"]
[WhiteElo "1672"]
[BlackElo "1511"]
[PlyCount "123"]
[EventDate "2018.04.21"]
[EventType "swiss"]
[EventRounds "9"]
[EventCountry "ESP"]
[SourceTitle "CBM 184 Extra"]
[Source "ChessBase"]
[SourceDate "2018.06.28"]
[SourceVersion "1"]
[SourceVersionDate "2018.06.28"]
[SourceQuality "1"]

1. e4 e5 2. Nf3 Nc6 3. Bb5 Nge7 4. c3 f5 5. Bxc6 Nxc6 6. exf5 d5 7. d3 Bxf5 8. 0-0 Bd6 9. Re1 0-0 10. b3 Re8 11. c4 Nb4 12. Bg5 Qc8 13. cxd5 Nxd5 14. Nbd2 Bxd3 15. Ne4 Bb4 16. Qxd3 Bxe1 17. Qxd5+ Re6 18. Rxe1 c6 19. Qc4 Kh8 20. Rd1 Rg6 21. Rd8+ Qxd8 22. Bxd8 Rxd8 23. g3 Rh6 24. Nxe5 b5 25. Nf7+ Kg8 26. Nxd8+ bxc4 27. bxc4 Kf8 28. c5 Ke8 29. Nb7 Re6 30. f3 Re5 31. Na5 Kd7 32. Kf2 Rd5 33. Ke3 Rd1 34. a3 Ra1 35. Nc4 Ke6 36. Ng5+ Kd5 37. Kd3 Kxc5 38. Nxh7 Rd1+ 39. Nd2 Kb5 40. Kc3 Ka4 41. Kc2 Rxd2+ 42. Kxd2 Kxa3 43. Kc3 a5 44. Ng5 Ka2 45. Kc2 a4 46. Ne6 a3 47. Nxg7 Ka1 48. h4 a2 49. h5 c5 50. h6 c4 51. h7 c3 52. Kb3 c2 53. h8Q c1Q 54. Ne6+ Kb1 55. Qh7+ Ka1 56. Nd4 Qa3+ 57. Kc4 Qc3+ 58. Kd5 Kb2 59. Qh2+ Kb1 60. Qh1+ Kb2 61. Qg2+ Ka3 62. Nb5+ 1-0

[Event "Foment Martinenc op-C 19st"]
[Site "Barcelona"]
[Date "2017.06.10"]
[Round "8.28"]
[White "Costas Escote, Mireia"]
[Black "Llopart Domingo, Jordi"]
[Result "0-1"]
[WhiteElo "1649"]
[BlackElo "1701"]
[PlyCount "112"]
[EventDate "2017.04.22"]
[EventType "swiss"]
[EventRounds "9"]
[EventCountry "ESP"]
[SourceTitle "EXT 2024"]
[Source "ChessBase"]
[SourceDate "2023.10.10"]
[SourceVersion "1"]
[SourceVersionDate "2023.10.10"]
[SourceQuality "1"]

1. e4 c6 2. d4 d5 3. Bd3 dxe4 4. Bxe4 Nf6 5. Bf3 Bf5 6. Nc3 e6 7. Bg5 Be7 8. Bxf6 Bxf6 9. Nge2 0-0 10. 0-0 Re8 11. Re1 Nd7 12. Ng3 Bg6 13. Nce4 Be7 14. c4 Nb6 15. b3 a5 16. Ne2 a4 17. h3 axb3 18. axb3 Rxa1 19. Qxa1 Qa8 20. N2c3 Qxa1 21. Rxa1 Bb4 22. Ra7 Rb8 23. Ne2 Kf8 24. Kh2 Be7 25. Kg3 Nc8 26. Ra2 Nd6 27. Kf4 Nxe4 28. Bxe4 Bxe4 29. Kxe4 Bd6 30. d5 Ke7 31. dxc6 bxc6 32. Ra6 Rxb3 33. Rxc6 Kd7 34. Ra6 Rb2 35. Kd3 Bc5 36. f3 Rb6 37. Rxb6 Bxb6 38. Ke4 Kd6 39. g4 Kc5 40. Kd3 Bc7 41. h4 Be5 42. h5 g6 43. hxg6 hxg6 44. Nc3 Bxc3 45. Kxc3 g5 46. Kd3 f5 47. gxf5 exf5 48. f4 g4 49. Ke3 Kxc4 50. Kf2 Kd4 51. Kg3 Ke4 52. Kg2 Kxf4 53. Kf2 Ke4 54. Kg3 Ke3 55. Kh4 Kf4 56. Kh5 g3 0-1

[Event "Foment Martinenc op-C 19st"]
[Site "Barcelona"]
[Date "2017.05.27"]
[Round "6.13"]
[White "Llopart Domingo, Jordi"]
[Black "Capella Baladas, Jaume Francesc"]
[Result "0-1"]
[WhiteElo "1701"]
[BlackElo "1780"]
[PlyCount "56"]
[EventDate "2017.04.22"]
[EventType "swiss"]
[EventRounds "9"]
[EventCountry "ESP"]
[SourceTitle "EXT 2024"]
[Source "ChessBase"]
[SourceDate "2023.10.10"]
[SourceVersion "1"]
[SourceVersionDate "2023.10.10"]
[SourceQuality "1"]

1. e4 c6 2. d4 d5 3. Nc3 dxe4 4. Nxe4 Bf5 5. Ng3 Bg6 6. Bd3 Bxd3 7. Qxd3 e6 8. Nf3 Nd7 9. 0-0 Ngf6 10. Re1 Be7 11. b3 0-0 12. Ng5 h6 13. Nf3 Re8 14. Ne4 Qb6 15. c4 Nxe4 16. Rxe4 Rad8 17. Bb2 Bf6 18. Rb1 c5 19. d5 Bxb2 20. Rxb2 Nf6 21. Re5 exd5 22. Rxe8+ Rxe8 23. cxd5 Qd6 24. Rd2 Rd8 25. Qc4 Nxd5 26. Nh4 Qf6 27. g3 Qa1+ 28. Kg2 Ne3+ 0-1

[Event "Foment Martinenc op-C 18th"]
[Site "Barcelona"]
[Date "2016.05.07"]
[Round "3"]
[White "Carre Rodriguez, Rafael"]
[Black "Llopart Domingo, Jordi"]
[Result "0-1"]
[WhiteElo "1797"]
[BlackElo "1668"]
[PlyCount "72"]
[EventDate "2016.04.23"]
[EventType "swiss"]
[EventRounds "9"]
[EventCountry "ESP"]
[SourceTitle "EXT 2017"]
[Source "ChessBase"]
[SourceDate "2016.10.25"]
[SourceVersion "1"]
[SourceVersionDate "2016.10.25"]
[SourceQuality "1"]

1. d4 d5 2. c4 c6 3. Nc3 Nf6 4. Bg5 Nbd7 5. Nf3 h6 6. Bh4 g5 7. Bg3 Nh5 8. cxd5 Nxg3 9. hxg3 cxd5 10. Nxd5 Qa5+ 11. Nc3 Bg7 12. e3 a6 13. Be2 Nb6 14. Nd2 Bd7 15. Nb3 Qf5 16. e4 Qg6 17. Bh5 Qh7 18. Qf3 Rf8 19. 0-0 0-0-0 20. Rac1 Kb8 21. e5 e6 22. Nc5 Bc6 23. Nxa6+ Kc8 24. d5 exd5 25. Bg4+ Nd7 26. Nxd5 Rde8 27. Nb6+ Kd8 28. Bxd7 Bxf3 29. Rc8+ Ke7 30. gxf3 Rxc8 31. Nb4 Rc5 32. Re1 Rd8 33. N4d5+ Rxd5 34. Nxd5+ Kxd7 35. Rd1 Qh8 36. Nf6+ Ke6 0-1